Samajtattwik paripeksha (minor1)/ (Record no. 11942)

MARC details
000 -LEADER
fixed length control field 00651nam a22002177a 4500
005 - DATE AND TIME OF LATEST TRANSACTION
control field 20240907065620.0
008 - FIXED-LENGTH DATA ELEMENTS--GENERAL INFORMATION
fixed length control field 240907b |||||||| |||| 00| 0 eng d
020 ## - INTERNATIONAL STANDARD BOOK NUMBER
International Standard Book Number 9789391447731
040 ## - CATALOGING SOURCE
Original cataloging agency IN-DiNC
Transcribing agency IN-DiNC
041 ## - LANGUAGE CODE
Language code of sung or spoken text Assamese
082 ## - DEWEY DECIMAL CLASSIFICATION NUMBER
Classification number 301
Item number BOR
100 ## - MAIN ENTRY--PERSONAL NAME
Personal name Borah, Birinchi Kumar
Relator term Author
245 ## - TITLE STATEMENT
Title Samajtattwik paripeksha (minor1)/
Statement of responsibility, etc. by Birinchi Kumar Borah, Himashree Baruah and Urbashi Konwar
250 ## - EDITION STATEMENT
Edition statement 1st ed.
260 ## - PUBLICATION, DISTRIBUTION, ETC.
Place of publication, distribution, etc. Golaghat:
Name of publisher, distributor, etc. Saraswati prakashan,
Date of publication, distribution, etc. 2024.
300 ## - PHYSICAL DESCRIPTION
Extent 151p.
650 ## - SUBJECT ADDED ENTRY--TOPICAL TERM
Topical term or geographic name entry element Sociological perspective
700 ## - ADDED ENTRY--PERSONAL NAME
Personal name Baruah, Himashree
Relator term Author
700 ## - ADDED ENTRY--PERSONAL NAME
Personal name Konwar, Urbashi
Relator term Author
942 ## - ADDED ENTRY ELEMENTS (KOHA)
Source of classification or shelving scheme Dewey Decimal Classification
Koha item type Books
Holdings
Withdrawn status Lost status Source of classification or shelving scheme Damaged status Not for loan Collection code Home library Current library Shelving location Date acquired Cost, normal purchase price Total Checkouts Full call number Barcode Date last seen Date last checked out Copy number Price effective from Koha item type Date due
    Dewey Decimal Classification     Sociology Central Library, Naharkatiya College Central Library, Naharkatiya College General Stacks 07/09/2024 180.00 6 301 BOR 30416 22/11/2025 08/10/2025 1 07/09/2024 Books  
    Dewey Decimal Classification     Sociology Central Library, Naharkatiya College Central Library, Naharkatiya College General Stacks 07/09/2024 180.00 5 301 BOR 30417 20/11/2025 03/11/2025 2 07/09/2024 Books  
    Dewey Decimal Classification     Sociology Central Library, Naharkatiya College Central Library, Naharkatiya College General Stacks 07/09/2024 180.00 7 301 BOR 30418 02/05/2026 02/05/2026 3 07/09/2024 Books 20/05/2026
    Dewey Decimal Classification     Sociology Central Library, Naharkatiya College Central Library, Naharkatiya College General Stacks 22/03/2025 180.00 5 301 BOR 30431 02/05/2026 02/05/2026 4 22/03/2025 Books 20/05/2026

Naharkatiya College © 2020. All rights reserved.

Powered By